000 00702nam a2200277 a 4500
003 AR-BaBNM
005 20251128210914.0
008 082120s2002 ||||||||||||||000 | spa||
020 _a950-739-808-2
040 _cAR-BaBNM
100 1 _aKafka, Franz
245 0 0 _aLa metamorfosis
260 _aBuenos Aires
_bErrepar
_c2000
300 _a157 p.
490 0 _aClásicos de bolsillo
_vv. 41
650 4 _aESCRITORES
650 4 _aLITERATURA CONTEMPORANEA
653 _aLITERATURA CHECA
653 _aNOVELA CORTA
653 _aLITERATURA FANTASTICA
653 _aLITERATURA ALEGORICA
655 _aLITERATURA
700 1 _aAcero, Irene
_eprologuista
942 _cBK
998 _cMARTIN
999 _c17389
_d17389